| 000 | 00659nam a2200217 a 4500 | ||
|---|---|---|---|
| 005 | 20230525063642.0 | ||
| 008 | 991125s1992 mx 000 0 spa u | ||
| 020 | _a9700900312 | ||
| 035 | _aUPN01000050465 | ||
| 049 | _aI | ||
| 050 | 4 |
_aLB1585 M6.3 _bG37 |
|
| 100 | 1 | _aGarcía R., María Gonzala | |
| 245 | 1 | 0 |
_aRaíces 3. Ciencias naturales / _cXochitl Bonilla P |
| 260 |
_aMéxico : _bNorma, _c1992. |
||
| 300 |
_a128 p. : _bil., col |
||
| 440 | 0 | _aRaíces | |
| 500 | _a"Educación primaria" | ||
| 650 | 4 |
_aCiencias naturales _xEstudio y enseñanza (Elemental) _92812 |
|
| 700 | 1 |
_aBonilla Pedroza, María Xóchitl, _ecoaut. _935990 |
|
| 905 | _aInfantil | ||
| 999 |
_c50465 _d50465 |
||